000 00473nam a2200181Ia 4500
001 21273
005 20260306172907.0
008 260306t2022||||xx |||||||||||||| ||spa||
041 _aESP
082 _a344.522
_bD84
100 _aDivisión de Estudios Jurídicos de Gaceta Jurídica
_eAUT
245 0 _aLos delitos sexuales en la jurisprudencia
260 _c2022
300 _a365 páginas :
_c25 cm.
650 _aGEN
654 _aCDE
942 _cLIB
_dJUS
_fJUS
_2ddc
_n
999 _c21273
_d21273